01453nam a2200421 i 450000100060000000300090000600500170001500800390003201500170007102000150008804000280010304100080013104600090013908000080014808000100015608000090016624501710017526000480034630000510039433600270044533700540047233800280052638000160055438000270057038800100059750400340060765000290064165000240067065000180069465500170071265800280072965800230075770000370078070000390081770000430085671000340089985600980093344897KOSZ 00520251201090119.0050112s2004 pl a f |001 0 pol aPB 2005/1881 a8301142545 aWA NcWA NdKOSZ 005/HR0 apol k2004 a664 a613.2 a(07)00aKompendium wiedzy o żywności, żywieniu i zdrowiu :bpraca zbiorowa /cpod red. Jana Gawęckiego i Teresy Mossor-Pietraszewskiej ; aut. Janusz Czapski [et al.]. aWarszawa :bWydawnictwo Naukowe PWN,c2004. aXIX, [1], 450, [2] s. :brys., wykr. ;c21 cm. 2rdacontentaTekstbtxt 2rdamediaaBez urządzenia pośredniczącegobn 2rdacarrieraWoluminbnc aKsiążki aPublikacje dydaktyczne a2001- aBibliogr. przy rozdz. Indeks. 4aTechnologia żywności 4aZdrowe odżywianie 4aŻywność 4aPodręcznik aRolnictwo i leśnictwo aMedycyna i zdrowie1 aCzapski, Januszd(1946- )eAutor1 aGawęcki, Jand(1944- )eRedakcja1 aMossor-Pietraszewska, TeresaeRedakcja2 aWydawnictwo Naukowe PWN4pbl. uhttp://koha.tu.koszalin.pl/cgi-bin/koha/opac-detail.pl?biblionumber=44897yKatalog online BPK